| 000 | 00413nam a2200193Ia 4500 | ||
|---|---|---|---|
| 005 | 20251020182542.0 | ||
| 008 | 200515s9999 xx 000 0 und d | ||
| 082 | _a741-05/C18 | ||
| 100 | _aCALDERON, A. | ||
| 245 | 0 | _aDibujando el retrato | |
| 250 | _a5a ed. | ||
| 260 | _aBarcelona | ||
| 260 | _c1969 | ||
| 500 | _a1 ejemplar | ||
| 650 | _aDIBUJO | ||
| 650 | _aLIB | ||
| 650 | _aRETRATOS | ||
| 942 | _cLIB | ||
| 999 |
_c2438 _d2438 |
||